Verdi in the age of Italian romanticism /

Bibliographic Details
Main Author: Kimbell, David R. B.
Format: Book
Language:English
Published: Cambridge [England] ; New York : Cambridge University Press, 1981.
Subjects:

MARC

Tag First Indicator Second Indicator Subfields
LEADER 00000pam a2200000 a 4500
001 in00000086380
005 20151008064451.0
008 800725s1981 enkg b 00110dengm
010 |a  80040723  
015 |a GB80 
020 |a 0521230527 
035 |a (OCoLC)06627387 
035 |9 AAK4230AM 
040 |a DLC  |c DLC  |d m.c.  |d TXA  |d UtOrBLW 
049 |a TXAM  |c [1633068] 
050 0 0 |a ML410.V4  |b K5 
082 0 |a 782.1/092/4  |2 19 
100 1 |a Kimbell, David R. B. 
245 1 0 |a Verdi in the age of Italian romanticism /  |c David R.B. Kimbell. 
264 1 |a Cambridge [England] ;  |a New York :  |b Cambridge University Press,  |c 1981. 
300 |a ix, 703 pages :  |b music ;  |c 24 cm. 
336 |a text  |b txt  |2 rdacontent 
337 |a unmediated  |b n  |2 rdamedia 
338 |a volume  |b nc  |2 rdacarrier 
500 |a Includes index. 
504 |a Bibliography: pages 692-695. 
600 1 0 |a Verdi, Giuseppe,  |d 1813-1901. 
999 |a MARS 
999 f f |s 1ce55fb8-d026-363e-99a0-ba3357f08556  |i 16c3bbef-1196-3aa2-9231-dd96b09d976b  |t 0 
952 f f |p normal  |a Texas A&M University  |b College Station  |c Sterling C. Evans Library  |d Evans: Library Stacks  |t 0  |e ML410.V4 K5  |h Library of Congress classification  |i unmediated -- volume  |m A14806165499 
998 f f |a ML410.V4 K5  |t 0  |l Evans: Library Stacks